Les 12 départements composant la région Auvergne-Rhône-Alpes - Statistiques

Statistiques générales
  • Ce quiz a été pris 234 fois
  • Le résultat moyen est 10 sur 12
Statistiques - réponses
Départements % Correct
Rhône
96%
Savoie
92%
Haute Savoie
91%
Ain
90%
Isère
89%
Loire
87%
Allier
86%
Drôme
85%
Puy de Dôme
85%
Haute Loire
84%
Ardèche
80%
Cantal
79%
Aucun quiz correspondant
Distribution des résultats
% des personnes avec chaque résultat
Percentile par nombre de réponses
Votre historique - résultats
Vous n’avez pas pris ce quiz